Marco poético : artículos de mi columna periodística con algunos poemas inéditos /

José León Robles de la Torre periodista y poeta mexicano. Originario de Zacatecas pero reside en la ciudad de Torreón. Se inició en las letras en 1944 en el Seminario de Totatiche, Jal., en este lugar junto con otros compañeros publicó un boletín mensual llamado Lux en el que aparece su primer artíc...

Fuld beskrivelse

Guardado en:
Bibliografiske detaljer
Hovedforfatter: Robles de la Torre, José León (autor)
Format: Bog
Sprog:spansk
Fag:
Tags: Tilføj Tag
Ingen Tags, Vær først til at tagge denne postø!

MARC

LEADER 00000nam^a2200000^a^4500
001 000126680
005 20250521000000.0
009 20260310094733.634
037 |a Acervo ITESO - Biblioteca 
041 |a ESP 
082 |a 868.  |b ROB 
100 |a Robles de la Torre, José León  |e (autor) 
245 1 0 |a Marco poético :  |b artículos de mi columna periodística con algunos poemas inéditos /  |c J.L. Robles de la Torre. 
264 |a Torreón, México :  |b edición de autor,  |c 1973 
300 |a 115 p. 
336 |a texto  |b txt  |2 rdacontenido 
337 |a sin mediación  |b n  |2 rdamedio 
338 |a volumen  |b nc  |2 rdasoporte 
520 |a José León Robles de la Torre periodista y poeta mexicano. Originario de Zacatecas pero reside en la ciudad de Torreón. Se inició en las letras en 1944 en el Seminario de Totatiche, Jal., en este lugar junto con otros compañeros publicó un boletín mensual llamado Lux en el que aparece su primer artículo en prosa llamado Juventud (1944). Obras poéticas: Algunas rimas (1955), Mis cantares (1957), Partículas de la Patria (1970); en prosa: La poesía y su estudio (1954), Historia de la aduana de Torreón (1955) y Monedas mexicanas (1967) entre otras.0 
649 |a XX 
650 |a Artículos Periodísticos Mexicanos 
650 |a Poesía Mexicana 
650 |a Literatura Mexicana -  |y Siglo XX 
910 |a Fondo Salvador Reynoso Reynoso 
920 |a Impresos - Libros 
930 |a Fondos Especiales 
940 |a Literatura 
905 |a 112 
901 |a 0800009067  |b IT2  |c ESP  |u 20250521 
902 |a https://opac.biblio.iteso.mx/vufind/Record/000126680